Name the MHA student by their quirk - Statistics

General Stats
  • This quiz has been taken 1,527 times
  • The average score is 14 of 21
Answer Stats
Hint Answer % Correct
Half-hot Half cold Shoto Todoroki
91%
One for All Izuku Midoriya
88%
Electricity Kaminari Denki
81%
Hardening Eijiro Kirishima
76%
Acid Mina Ashido
76%
Tape Hanta Sero
72%
Engine Tenya Iida
70%
Zero-Gravity Ochaco Uraraka
69%
Frog Tsuyu Asui
68%
Pop-Off Minoru Mineta
66%
Dark shadow Fumikage Tokoyami
65%
Explosion Katsuki Bakugou
65%
Earphone Jack Kyoka Jiro
65%
Mind-control Hitoshi Shinso
60%
Animal voice Koji Koda
54%
Stomach Laser Yuga Aoyama
52%
Tail Mashirao Ojiro
51%
Multi-arms Mezo Shoji
46%
Sugar rush Rikido Sato
46%
Invisibility Toru Hagakure
46%
Creation Momo Yaoyorozu
44%
No matching quizzes found
Score Distribution
Percent of People with Each Score
Percentile by Number Answered
Your Score History
You have not taken this quiz